Historic English dictionaries 1592-1899 : a union catalogue of holdings in Exeter libraries /

Bibliographic Details
Corporate Author: University of Exeter. Dictionary Research Centre
Other Authors: Learmouth, Trevor, Macwilliam, Stuart
Format: Book
Language:English
Published: Exeter : University of Exeter, Dictionary Research Centre, 1986.
Series:Exeter union catalogue of dictionaries ; publications no. 1.
Subjects:

MARC

Tag First Indicator Second Indicator Subfields
LEADER 00000cam a2200000 a 4500
001 in00004636713
008 860901s1986 enkaf cd 001 0 eng
005 20250725160111.1
035 |a (OCoLC)ocm13794055 
035 |a (OCoLC)ocm13794055 
040 |a UKM  |b eng  |c UKM  |d OCL  |d OCLCQ  |d NLGGC  |d QE2  |d GBVCP  |d IUL  |d OCLCQ  |d OCLCF  |d OCLCQ  |d OCLCO 
015 |a GB8618503  |2 bnb 
020 |a 0902746111  |q (pbk.) 
020 |a 9780902746114  |q (pbk.) 
035 |a (OCoLC)13794055 
050 1 4 |a PE1620 
050 1 4 |a Z2015.D6  |b L42 1986 
082 0 4 |a 016.423  |2 19 
084 |a 18.04  |2 bcl 
245 0 0 |a Historic English dictionaries 1592-1899 :  |b a union catalogue of holdings in Exeter libraries /  |c compiled by Trevor Learmouth, Stuart Macwilliam / with a foreword by Robert L. Collison. 
260 |a Exeter :  |b University of Exeter, Dictionary Research Centre,  |c 1986. 
300 |a 100 pages, 18 unnumbered pages of plates :  |b illustrations ;  |c 21 cm. 
336 |a text  |b txt  |2 rdacontent 
337 |a unmediated  |b n  |2 rdamedia 
338 |a volume  |b nc  |2 rdacarrier 
490 1 |a Exeter union catalogue of dictionaries publications ;  |v no. 1 
500 |a Accession #: 2020_0001 
500 |a The Cushing Library Lit/Mitchell copy is a donation from J. Lawrence Mitchell. 
500 |a Includes index. 
650 0 |a English language  |v Dictionaries  |v Catalogs. 
650 6 |a Anglais (Langue)  |v Dictionnaires  |v Catalogues. 
650 7 |a English language.  |2 fast  |0 (OCoLC)fst00910920 
650 1 7 |a Woordenboeken.  |2 gtt 
650 1 7 |a Engels.  |2 gtt 
653 |a English language  |a Dictionaries - Catalogues. 
700 1 |a Learmouth, Trevor. 
700 1 |a Macwilliam, Stuart. 
710 2 |a University of Exeter.  |b Dictionary Research Centre. 
776 0 8 |i Online version:  |t Historic English dictionaries 1592-1899.  |d Exeter : University of Exeter, Dictionary Research Centre, 1986  |w (OCoLC)573359146 
830 0 |a Exeter union catalogue of dictionaries ;  |v publications no. 1. 
029 1 |a AU@  |b 000004596084 
029 1 |a GBVCP  |b 013099485 
029 1 |a HR0  |b 0902746111 
029 1 |a UKDEL  |b 08511409X 
029 1 |a UNITY  |b 08511409X 
994 |a Z0  |b TXA 
948 |h HELD BY TXA - 53 OTHER HOLDINGS 
999 f f |s 057de3e1-718a-4d53-9437-7cecf0e48e67  |i c406ddc2-de8b-4f15-aa8c-1ccb856f0cde  |t 0 
952 f f |p noncirc  |a Texas A&M University  |b College Station  |c Cushing Memorial Library & Archives  |d Cushing: Literature/Mitchell (Does not check out)  |t 0  |e Z2015.D6 L42 1986  |h Library of Congress classification  |i unmediated -- volume  |m A1485290585E 
998 f f |a Z2015.D6 L42 1986  |t 0  |l Cushing: Literature/Mitchell (Does not check out)